Google翻訳で使用できる言語 - Statistics

General Stats
  • This quiz has been taken 110 times
    45 since last reset
  • The average score is 66 of 243
Answer Stats
言語 % Correct
フランス語
90%
中国語(簡体)
90%
中国語(繁体)
90%
ポルトガル語(ブラジル)
86%
ポルトガル語(ポルトガル)
86%
イタリア語
83%
タイ語
83%
ドイツ語
83%
ロシア語
83%
英語
83%
日本語
83%
アラビア語
79%
オランダ語
79%
スペイン語
79%
韓国語
79%
インドネシア語
76%
ギリシャ語
76%
ノルウェー語
76%
フィンランド語
76%
ベトナム語
76%
モンゴル語
76%
アイスランド語
72%
アイルランド語
72%
スウェーデン語
72%
スロバキア語
72%
スロベニア語
72%
チェコ語
72%
デンマーク語
72%
トルコ語
72%
ヒンディー語
72%
ポーランド語
72%
ウクライナ語
69%
スワヒリ語
69%
セルビア語
69%
タガログ語
69%
ペルシャ語
69%
マレー語
69%
マレー語(ジャウィ)
69%
ラトビア語
69%
ルーマニア語
69%
アルバニア語
66%
エストニア語
66%
カザフ語
66%
リトアニア語
66%
アゼルバイジャン語
62%
ジョージア語(グルジア語)
62%
ブルガリア語
62%
ベラルーシ語
62%
ミャンマー語(ビルマ語)
62%
広東語
62%
アルメニア語
59%
ウイグル語
59%
クロアチア語
59%
ヘブライ語
59%
ウズベク語
55%
タミル語
55%
ハワイ語
55%
アフリカーンス語
52%
タジク語
52%
ネパール語
52%
ハンガリー語
52%
ベンガル語
52%
マケドニア語
52%
ラテン語
52%
ウェールズ語
48%
ボスニア語
48%
キルギス語
45%
クメール語
45%
チベット語
45%
トルクメン語
45%
クルド語(クルマンジー)
41%
クルド語(ソラニー)
41%
ラオ語
41%
ルクセンブルク語
41%
ジャワ語
38%
ソマリ語
38%
バスク語
38%
アムハラ語
34%
サンスクリット語
34%
スコットランド ゲール語
34%
マオリ語
34%
ウルドゥ語
31%
カタルーニャ語
31%
コルシカ語
31%
サモア語
31%
シンハラ語
31%
ディベヒ語
31%
アッサム語
28%
イボ語
28%
エスペラント語
28%
オック語
28%
カンナダ語
28%
クリミア タタール語
28%
トンガ語
28%
フィジー語
28%
アイマラ語
24%
アチェ語
24%
アブハズ語
24%
イディッシュ語
24%
ケチュア語
24%
セブアノ語
24%
ソト語
24%
ゾンカ語
24%
タタール語
24%
ハイチ語
24%
バリ語
24%
マラーティー語
24%
ヨルバ語
24%
ガリシア語
21%
グアラニ語
21%
グジャラート語
21%
シチリア語
21%
チェチェン語
21%
フリジア語
21%
マルタ語
21%
イロカノ語
17%
オロモ語
17%
ショナ語
17%
ズールー語
17%
スンダ語
17%
テルグ語
17%
ハウサ語
17%
パンジャブ語(グルムキー)
17%
パンジャブ語(シャームキー)
17%
マラヤーラム語
17%
ウォロフ語
14%
サーミ語(北部)
14%
シンド語
14%
タヒチ語
14%
ダリー語
14%
モン語
14%
ヴェネト語
10%
オセット語
10%
オリヤ語
10%
チェワ語
10%
チュヴァシ語
10%
ツォンガ語
10%
ツワナ語
10%
ティグリニャ語
10%
テトゥン語
10%
フェロー語
10%
フラニ語
10%
ブリヤート語
10%
ブルトン語
10%
ヤクート語
10%
ンコ語
10%
エウェ語
7%
キニヤルワンダ語
7%
コンカニ語
7%
サンゴ語
7%
チャモロ語
7%
トゥバ語
7%
トクピシン語
7%
ナワトル語(東部ウアステカ)
7%
パシュト語
7%
マーシャル語
7%
マム語
7%
マン島語
7%
リンガラ語
7%
ワライ語
7%
ンデベレ語(南部)
7%
アファール語
3%
ウドムルト語
3%
クレオール語(セーシェル)
3%
クレオール語(モーリシャス)
3%
ケクチ語
3%
コーサ語
3%
ジャマイカ クレオール語
3%
シャン語
3%
チューク語
3%
ディンカ語
3%
トゥイ語
3%
パピアメント語
3%
バンバラ語
3%
パンパンガ語
3%
ビコール語
3%
フォン語
3%
フリウリ語
3%
マカッサル語
3%
マラガシ語
3%
ロンバルド語
3%
牧地マリ語
3%
アヴァル語
0%
アチョリ語
0%
アルール語
0%
アワディー語
0%
イバン語
0%
ヴェンダ語
0%
カーシ語
0%
ガー語
0%
カヌリ語
0%
カラーリット語
0%
キガ語
0%
キコンゴ語
0%
キトゥバ語
0%
クリオ語
0%
コクバラ語
0%
コミ語
0%
サポテク語
0%
サンタル語
0%
ジュラ語
0%
シロンスク語
0%
ジンポー語
0%
スス語
0%
スワート語
0%
セペディ語
0%
タマージク語
0%
タマージク語(ティフィナグ)
0%
ティブ語
0%
トゥル語
0%
トゥンブカ語
0%
ドグリ語
0%
ドンベ語
0%
ヌエル語
0%
ネパールバサ語(ネワール語)
0%
バウレ語
0%
ハカ チン語
0%
バシキール語
0%
バタク カロ語
0%
バタク シマルングン語
0%
バタクトバ語
0%
バルーチー語
0%
パンガシナン語
0%
ヒリガイノン語
0%
フンスリュック語
0%
ベタウィ語
0%
ベンバ語
0%
ボージュプリー語
0%
マイティリー語
0%
マドゥラ語
0%
マルワディー語
0%
ミゾ語
0%
ミナン語
0%
メイテイ語(マニプリ語)
0%
ユカテコマヤ語
0%
ラトガリア語
0%
リグリア語
0%
リンブルフ語
0%
ルオ語
0%
ルガンダ語
0%
ルンディ語
0%
ロマーニー語
0%
ンダウ語
0%
No matching quizzes found
Score Distribution
Percent of People with Each Score
Percentile by Number Answered
Your Score History
You have not taken this quiz since the last reset